| 000 | 02315nam0a2200433 4500 | ||
|---|---|---|---|
| 001 | RU\NLR\bibl\2048017 | ||
| 005 | 20250616220748.0 | ||
| 010 | _a978-5-903733-20-0 | ||
| 021 |
_aRU _b2013-42960 _92968 |
||
| 035 | _a(nilc)RuMoRGB-006588503 | ||
| 035 | _a(NLR Aleph) 002035134 | ||
| 090 |
_a4569327 _c4569327 |
||
| 100 | _a20130603d2012 |||y0rusy50 ca | ||
| 101 | 0 |
_arus _deng |
|
| 102 | _aRU | ||
| 105 | _aa zzzz||||| | ||
| 200 | 1 |
_aКоллекции представляют историю _eк 100-летию юбилейного Романовского выпуска почтовых марок _eматериалы 3-го научно-практического семинара по истории почты и филателии, 9-10 октября 2012 г. |
|
| 210 |
_aСанкт-Петербург _cЦМС _d2012 |
||
| 215 |
_a223, [2] с., [28] л. цв. ил. _cил. _d22 |
||
| 300 | _aВ надзаг.: Федеральное агентство связи, Федеральное гос. бюджетное учреждение "Центральный музей связи им. А. С. Попова" | ||
| 300 | _aРез на англ. яз. | ||
| 320 | _aБиблиогр. в конце ст. | ||
| 606 | 1 |
_aПочтовые открытки маркированные художественные _jСъезды, совещания и т.п. _xКоллекционирование _92018001 _3RU\NLR\auth\66928439 |
|
| 606 | 1 |
_aПочтовые марки _jСъезды, совещания и т.п. _xКоллекционирование _92017338 _3RU\NLR\auth\66928069 |
|
| 610 | 0 | _aпочтовая связь | |
| 610 | 0 | _aистория | |
| 686 | _aЩ153(0)-488я431 | ||
| 686 | _aЩ153(0)-489я431 | ||
| 686 | _aЩ101.3(0)я431 | ||
| 711 | 1 | 2 |
_aНаучно-практический семинар по истории почты и филателии _d3 _eСанкт-Петербург _f2012 _9728096 _3RU\NLR\AUTH\880532825 |
| 801 | 0 |
_aRU _bRuMoRKP _c20130603 _gRCR |
|
| 801 | 2 |
_aRU _bРГБ _c20130617 _grcr |
|
| 801 | 1 |
_aRU _bRuMoRKP _c20130603 _2rusmarc |
|
| 801 | 2 |
_aRU _bNLR _c20130627 _grcr |
|
| 942 | _cBOOK | ||
| 980 | _aNBR | ||
| 980 | _aNB | ||